000 01084nam a2200301Ia 4500
003 OSt
005 20221005110629.0
006 a|||||r|||| 00| 0
007 ta
008 221004b |||||||| |||| 00| 0 hin d
020 _a8126307773 (pbk)
_cINR 100.00
024 _a37491
037 _bBW/1689, 15/03/2018, Bookwell
_cTextual
040 _aCRL
_cCRL
_bhin
041 _2hin
_ahin
082 _aO155,2N40, 152Q5
100 _aसावन्त, शिवाजी, ले.
245 0 _aसंघर्ष
246 _aSangharṣha
250 _aसंस्करण 4
260 _aनई दिल्ली
_bभारतीय ज्ञानपीठ भारत
_c2015
300 _a115पृ0
_ccm.
490 _aराष्ट्रभारती; ग्रन्थांक 633
650 _a मराठी नाटक
650 _aमराठी साहित्य
942 _hO155,2N40, 152Q5
_cTEXL
_2cc
999 _c1019399
_d1019399